Mordekhai Zeʼev Faierberg; (Record no. 33188)

MARC details
000 -LEADER
fixed length control field 00789cam a22002411 4500
001 - CONTROL NUMBER
control field he 68001069
003 - CONTROL NUMBER IDENTIFIER
control field DLC
005 - DATE AND TIME OF LATEST TRANSACTION
control field 20260227111456.0
008 - FIXED-LENGTH DATA ELEMENTS--GENERAL INFORMATION
fixed length control field 870507s1967 is b 000 0bhebr
010 ## - LIBRARY OF CONGRESS CONTROL NUMBER
LC control number he 68001069
035 ## - SYSTEM CONTROL NUMBER
System control number (OCoLC)15645456
040 ## - CATALOGING SOURCE
Original cataloging agency DLC
Transcribing agency TxU
Modifying agency TxU
-- NSbSU
-- DLC
042 ## - AUTHENTICATION CODE
Authentication code premarc
050 00 - LIBRARY OF CONGRESS CALL NUMBER
Classification number PJ5053
Item number .F4 1967
100 1# - MAIN ENTRY--PERSONAL NAME
Personal name Feuerberg, Mordecai Zeʼev,
Dates associated with a name 1874-1899.
245 10 - TITLE STATEMENT
Title Mordekhai Zeʼev Faierberg;
Remainder of title ha-sofer ve-yetsirato.
Statement of responsibility, etc. Liket ve-hosif mavo, hesberim ve-bibliografyah, Adir Kohen.
260 ## - PUBLICATION, DISTRIBUTION, ETC.
Place of publication, distribution, etc. Tel-Aviv,
Name of publisher, distributor, etc. A. Zalkovits
Date of publication, distribution, etc. [1967]
300 ## - PHYSICAL DESCRIPTION
Extent 144 p.
Dimensions 22 cm.
490 0# - SERIES STATEMENT
Series statement Sifriyat ha-sekhel
504 ## - BIBLIOGRAPHY, ETC. NOTE
Bibliography, etc. note Bibliography: p. 143-144.
505 0# - FORMATTED CONTENTS NOTE
Formatted contents note Le-an.--ha-Tselalim.--Ba-ʻerev.--ha-Ḳamiʻa.--ha-ʻEgel.
700 1# - ADDED ENTRY--PERSONAL NAME
Personal name Cohen, Adir,
Relator term ed.

No items available.

Powered by Koha